Logos de marques par lettre - S - Statistiques

Statistiques générales
  • Ce quiz a été pris 34 104 fois
  • Le résultat moyen est 14 sur 16
Statistiques - réponses
Par images Hint Réponse % Correct
Réseau social Snapchat
99%
Musique Spotify
99%
Technologie Samsung
98%
Transport SNCF
97%
Café Starbucks
97%
Restauration Subway
97%
Navigateur Safari
94%
Logiciel Skype
94%
Alimentaire Snickers
92%
Automobile Suzuki
88%
Hydrocarbure Shell
86%
Boisson Schweppes
85%
Banque Société générale
79%
Jeux vidéo Sega
77%
Joaillerie Swarovski
67%
Automobile Smart
55%
Aucun quiz correspondant
Distribution des résultats
% des personnes avec chaque résultat
Percentile par nombre de réponses
Votre historique - résultats
Vous n’avez pas pris ce quiz